Burlerías / (Record no. 59082)

MARC details
000 -LEADER
campo de control de longitud fija 00411nam a2200157 i 4500
001 - NÚMERO DE CONTROL
campo de control 59082
003 - IDENTIFICADOR DE NÚMERO DE CONTROL
campo de control ES-MaACL
005 - FECHA Y HORA DE LA ÚLTIMA TRANSACCIÓN
campo de control 20230906163947.0
007 - CAMPO FIJO DE DESCRIPCIÓN FÍSICA--INFORMACIÓN GENERAL
campo de control de longitud fija t|
008 - DATOS DE LONGITUD FIJA--INFORMACIÓN GENERAL
campo de control de longitud fija 031027s1959 sp ||||1| spa d
100 1# - ENTRADA PRINCIPAL--NOMBRE DE PERSONA
Nombre de persona Edo, Angela.
9 (RLIN) 46651
245 10 - MENCIÓN DEL TÍTULO
Título Burlerías /
Mención de responsabilidad, etc. Angela Edo.
260 ## - PUBLICACIÓN, DISTRIBUCIÓN, ETC.
Lugar de publicación, distribución, etc. Barcelona :
Nombre del editor, distribuidor, etc. Llesuy,
Fecha de publicación, distribución, etc. [1959] (
Fabricante Limonograph)
300 ## - DESCRIPCIÓN FÍSICA
Extensión 289 p. ;
Dimensiones 19 cm.
852 ## - LOCALIZACIÓN
Ubicación ES-MaACL
Número de control de estantería C-19004
Sublocalización o colección R.45700
Holdings
Estatus retirado Estado de pérdida Estado de daño No para préstamo Biblioteca de origen Biblioteca actual Ubicación en estantería Fecha de adquisición Fuente de adquisición Total de préstamos Signatura topográfica completa Código de barras Visto por última vez Precio de reemplazo Tipo de ítem Koha
        Biblioteca del Ateneo de Madrid Biblioteca del Ateneo de Madrid Galería 17/01/2008     C-19004 1061976 23/02/2023 23/02/2023 Libro impreso